F1 Drivers by Picture (1990s) - Statistics

General Stats
  • This quiz has been taken 137 times
  • The average score is 13 of 20
Answer Stats
Picture Answer % Correct
Michael Schumacher
98%
Ayrton Senna
96%
Mika Häkkinen
93%
Nigel Mansell
92%
David Coulthard
91%
Alain Prost
89%
Jacques Villeneuve
82%
Damon Hill
69%
Jos Verstappen
69%
Rubens Barrichello
69%
Jean Alesi
57%
Heinz-Harald Frentzen
51%
Eddie Irvine
49%
Mika Salo
49%
Gerhard Berger
48%
Martin Brundle
48%
Johnny Herbert
44%
Olivier Panis
40%
JJ Lehto
18%
Ukyō Katayama
17%
No matching quizzes found
Score Distribution
Percent of People with Each Score
Percentile by Number Answered
Your Score History
You have not taken this quiz